000 00872nam a22003490a 4500
001 PT29900
003 AR-LpoUNG
005 20210131233556.0
008 191001s1988||||ag |||||||||||||||||spa d
040 _aAR-LpoUNG
_bspa
_cAR-LpoUNG
_eaacr
041 _aspa
044 _aag
082 0 _a982.065 893opo
100 1 _aPozzi, Pablo
245 1 0 _aOposición obrera a la dictadura :
_b1976-1982
250 _a1§ ed.
260 _aBuenos Aires :
_bContrapunto,
_c1988.
300 _a203 p. :
_bil.
650 4 _aANALISIS HISTORICO
650 4 _aANALISIS SOCIOLOGICO
650 4 _aARGENTINA
650 4 _aCLASE OBRERA
650 4 _aDICTADURA
650 4 _aGOBIERNO MILITAR
650 4 _aHISTORIA
650 4 _aHISTORIA POLITICA
650 4 _aHISTORIA SOCIAL
650 4 _aSOCIOLOGIA
650 4 _aTRABAJADORES
905 _a29900
942 _cLIB
999 _c21443
_d21443